<?xml version="1.0" encoding="UTF-8"?>
<record
    xmlns:xsi="http://www.w3.org/2001/XMLSchema-instance"
    xsi:schemaLocation="http://www.loc.gov/MARC21/slim http://www.loc.gov/standards/marcxml/schema/MARC21slim.xsd"
    xmlns="http://www.loc.gov/MARC21/slim">

  <leader>01208nam a2200253 u 4500</leader>
  <controlfield tag="001">000023473</controlfield>
  <controlfield tag="005">20200930022237.0</controlfield>
  <controlfield tag="008">101209s1987    pr      r     000 0 spa d</controlfield>
  <datafield tag="020" ind1=" " ind2=" ">
    <subfield code="a">0865814252</subfield>
  </datafield>
  <datafield tag="040" ind1=" " ind2=" ">
    <subfield code="a">DO-SdBNP</subfield>
    <subfield code="b">spa</subfield>
    <subfield code="c">BNPHU</subfield>
  </datafield>
  <datafield tag="082" ind1=" " ind2=" ">
    <subfield code="a">PR863.44</subfield>
    <subfield code="b">S227m</subfield>
  </datafield>
  <datafield tag="100" ind1="1" ind2=" ">
    <subfield code="a">Sanjurjo, Carmela Eulate</subfield>
    <subfield code="9">48367</subfield>
  </datafield>
  <datafield tag="245" ind1="1" ind2="3">
    <subfield code="a">La mu&#xF1;eca /</subfield>
    <subfield code="c">Carmela Eulate Sanjurjo; estudio introducci&#xF3;n, cr&#xED;tico y notas por Angel M. Aguirre.</subfield>
  </datafield>
  <datafield tag="260" ind1=" " ind2=" ">
    <subfield code="a">San Juan :</subfield>
    <subfield code="b">Instituto de Cultura Puertorrigue&#xF1;a ; R&#xED;o Piedras, Universidad de Puerto Rico,</subfield>
    <subfield code="c">1987.</subfield>
  </datafield>
  <datafield tag="300" ind1=" " ind2=" ">
    <subfield code="a">143 p. ;</subfield>
    <subfield code="c">21 cm.</subfield>
  </datafield>
  <datafield tag="490" ind1="1" ind2=" ">
    <subfield code="a">Puertorrique&#xF1;a</subfield>
    <subfield code="v">1</subfield>
  </datafield>
  <datafield tag="500" ind1=" " ind2=" ">
    <subfield code="a">Incluye notas al pie de p&#xE1;ginas</subfield>
  </datafield>
  <datafield tag="505" ind1="0" ind2=" ">
    <subfield code="g">Prefacio /</subfield>
    <subfield code="r">Juan Mart&#xED;nez Cap&#xF3; y Marta Aponte Alsina</subfield>
    <subfield code="g">La mu&#xF1;eca</subfield>
    <subfield code="g">Apendices . Prefacio /</subfield>
    <subfield code="r">Manuel Zeno Gard&#xED;a a la edici&#xF3;n de 1895 de la mu&#xF1;eca</subfield>
    <subfield code="g">Esquema biogr&#xE1;fico /</subfield>
    <subfield code="r">Carmela Eulate Sanjurjo(Dorida Mesenia) primera mujer humanista de Puerto Rico</subfield>
    <subfield code="r">Loreina Santos Silva</subfield>
    <subfield code="g">Bibliograf&#xED;a de Carmela Sanjurjo /</subfield>
    <subfield code="r">Loreina Santos Silva</subfield>
  </datafield>
  <datafield tag="650" ind1=" " ind2="4">
    <subfield code="a">Novela puertorrique&#xF1;a</subfield>
    <subfield code="9">1185</subfield>
  </datafield>
  <datafield tag="650" ind1=" " ind2="4">
    <subfield code="a">Literatura puertorrique&#xF1;a</subfield>
    <subfield code="9">250</subfield>
  </datafield>
  <datafield tag="710" ind1="1" ind2=" ">
    <subfield code="a">Aguirre, Angel M.</subfield>
    <subfield code="e">introd.</subfield>
    <subfield code="9">48368</subfield>
  </datafield>
  <datafield tag="830" ind1=" " ind2="0">
    <subfield code="a">Puertorrique&#xF1;a ;</subfield>
    <subfield code="v">1</subfield>
    <subfield code="9">8071</subfield>
  </datafield>
  <datafield tag="049" ind1=" " ind2=" ">
    <subfield code="a">BNGR</subfield>
  </datafield>
  <datafield tag="952" ind1=" " ind2=" ">
    <subfield code="0">0</subfield>
    <subfield code="1">0</subfield>
    <subfield code="5">0</subfield>
    <subfield code="7">1</subfield>
    <subfield code="8">MO</subfield>
    <subfield code="a">GR</subfield>
    <subfield code="b">GR</subfield>
    <subfield code="c">CT</subfield>
    <subfield code="d">2010-12-09</subfield>
    <subfield code="i">LF1</subfield>
    <subfield code="l">0</subfield>
    <subfield code="o">PR863.44 S227m</subfield>
    <subfield code="p">23473-10</subfield>
    <subfield code="r">2020-06-25</subfield>
    <subfield code="w">2020-06-25</subfield>
    <subfield code="y">1</subfield>
    <subfield code="Z">No se presta</subfield>
  </datafield>
  <datafield tag="999" ind1=" " ind2=" ">
    <subfield code="c">22969</subfield>
    <subfield code="d">22969</subfield>
  </datafield>
</record>
